书目信息 |
| 题名: |
宇宙之谜新探
|
|
| 作者: | 陈功富 编著 | |
| 分册: | ||
| 出版信息: | 长春 吉林人民出版社 2005 |
|
| 页数: | 12,422页 | |
| 开本: | 21cm | |
| 丛书名: | ||
| 单 册: | ||
| 中图分类: | P159-49 | |
| 科图分类: | ||
| 主题词: | 宇宙--普及读物 , 宇宙 | |
| 电子资源: | ||
| ISBN: | 7-206-03427-6 | |
| 000 | 00829nam0 2200265 45 | |
| 001 | 012006012022 | |
| 005 | 20070708153648.68 | |
| 010 | @a7-206-03427-6@dCNY35.00 | |
| 092 | @aCN@b471313 | |
| 100 | @a20060120d2005 em y0chiy0120 ea | |
| 101 | 0 | @achi |
| 102 | @aCN@b220000 | |
| 105 | @aa z 000yy | |
| 200 | 1 | @a宇宙之谜新探@9yu zhou zhi mi xin tan@f陈功富编著 |
| 205 | @a2版 | |
| 210 | @a长春@c吉林人民出版社@d2005 | |
| 215 | @a12,422页@c图@d21cm | |
| 314 | @a陈功富,哈尔滨工业大学航天学院教授,著有《宇宙之谜新探》等。 | |
| 330 | @a本书内容包括:神秘的宏宇宙新探,神奇的太阳系新探,神秘的生命微宇宙新探,世界奇妙怪异现象撷贝等。 | |
| 606 | 0 | @a宇宙@j普及读物 |
| 606 | 0 | @a宇宙 |
| 690 | @aP159-49@v4 | |
| 701 | 0 | @a陈功富@9chen gong fu@4编著 |
| 801 | 0 | @aCN@bLZJBOOK@c20070708 |
| 905 | @a10447@dP159-49@e140=2 | |
| 宇宙之谜新探/陈功富编著.-2版.-长春:吉林人民出版社,2005 |
| 12,422页:图;21cm |
| ISBN 7-206-03427-6:CNY35.00 |
| 本书内容包括:神秘的宏宇宙新探,神奇的太阳系新探,神秘的生命微宇宙新探,世界奇妙怪异现象撷贝等。 |
| ● |
| 相关链接 |
|
|
|
|
正题名:宇宙之谜新探
索取号:P159-49/140=2
 
预约/预借
| 序号 | 登录号 | 条形码 | 馆藏地/架位号 | 状态 | 备注 |
| 1 | 0565964 | 205659642 | 第二样本阅览室/ [索取号:P159-49/140=2] | 在馆 | |
| 2 | 0565965 | 205659651 | 第三借阅区/ [索取号:P159-49/140=2] | 在馆 | |
| 3 | 0565966 | 205659660 | 第三借阅区/ [索取号:P159-49/140=2] | 在馆 | |
| 4 | 0565967 | 205659679 | 第三借阅区/ [索取号:P159-49/140=2] | 在馆 | |
| 5 | 0565968 | 205659688 | 第三借阅区/ [索取号:P159-49/140=2] | 在馆 | |
| 6 | 0565969 | 205659697 | 第三借阅区/ [索取号:P159-49/140=2] | 在馆 | |
| 7 | 0565970 | 205659704 | 第三借阅区/ [索取号:P159-49/140=2] | 在馆 | |
| 8 | 0565971 | 205659713 | 第三借阅区/ [索取号:P159-49/140=2] | 在馆 |